[Event "FRA Team Ch"]
[Site "REIMS"]
[Date "2005.05.01"]
[Round "8.3"]
[White "Rotstein, Arkadij"]
[Black "Bacrot, Etienne"]
[Result "1-0"]
[WhiteElo "2599"]
[BlackElo "2770"]
[PlyCount "105"]
[EventDate "2005.05.??"]

1. c4 e5 2. g3 c6 3. d4 Bb4+ 4. Bd2 Bxd2+ 5. Qxd2 d6 6. Nc3 Nf6 7. Bg2 O-O 8.
e3 Be6 9. b3 exd4 10. Qxd4 d5 11. cxd5 Nxd5 12. Nxd5 Bxd5 13. Bxd5 Qa5+ 14. b4
Qxd5 15. Qxd5 cxd5 16. Nf3 a5 17. b5 Nd7 18. Ke2 Rfc8 19. Rac1 Kf8 20. Nd4 Nb6
21. g4 g6 22. h4 Ke7 23. h5 Na4 24. Kd2 Nc5 25. f3 Ne6 26. Nxe6 Kxe6 27. Kd3
Kd6 28. hxg6 hxg6 29. Kd4 a4 30. a3 b6 31. e4 dxe4 32. fxe4 Ke6 33. e5 Rd8+ 34.
Ke4 Rac8 35. Rhf1 Rc5 36. Rxc5 bxc5 37. Rf6+ Ke7 38. b6 Rd4+ 39. Ke3 Rc4 40. g5
Rc3+ 41. Ke4 Rxa3 42. Kd5 Rb3 43. e6 fxe6+ 44. Rxe6+ Kf7 45. Rf6+ Kg7 46. Kc6
c4 47. b7 a3 48. Kc7 a2 49. Ra6 c3 50. Rxa2 Rb2 51. Ra7 Rb5 52. Kd6 Rd5+ 53.
Kxd5 1-0

[Event "FRA Team Ch"]
[Site "REIMS"]
[Date "2005.05.01"]
[Round "8.4"]
[White "Skripchenko-Lautier, Almira"]
[Black "Baburin, Alexander"]
[Result "1/2-1/2"]
[WhiteElo "2599"]
[BlackElo "2770"]
[PlyCount "98"]
[EventDate "2005.05.??"]

1. e4 Nf6 2. e5 Nd5 3. d4 d6 4. c4 Nb6 5. exd6 exd6 6. Nc3 Be7 7. Nf3 O-O 8.
Be3 Nc6 9. h3 Bf6 10. Rc1 Re8 11. b3 Ne7 12. Be2 Nf5 13. Bf4 c6 14. Qd3 Nh4 15.
Nxh4 Bxh4 16. O-O d5 17. cxd5 Nxd5 18. Nxd5 Qxd5 19. Bf3 Bf5 20. Qd2 Be4 21.
Rc5 Qd8 22. Bxe4 Rxe4 23. Be3 Be7 24. Rh5 g6 25. Re5 Rxe5 26. dxe5 Qxd2 27.
Bxd2 Bc5 28. Bg5 Bd4 29. Bf6 c5 30. Rd1 a5 31. g4 Kf8 32. Kg2 Ke8 33. f4 Kd7
34. e6+ Kxe6 35. Bxd4 cxd4 36. Rxd4 Rc8 37. Re4+ Kd6 38. Rd4+ Ke6 39. Rd7 Kxd7
40. Kf3 Ra8 41. Ke4 Kc6 42. h4 b5 43. h5 b4 44. hxg6 hxg6 45. Kf3 Kd7 46. Kg2
Ke8 47. Kf3 Rc8 48. Ke4 Kd7 49. f5 Ke8 1/2-1/2

[Event "FRA Team Ch"]
[Site "REIMS"]
[Date "2005.05.01"]
[Round "8.5"]
[White "Dorfman, Josif D"]
[Black "Spassky, Boris V"]
[Result "1/2-1/2"]
[WhiteElo "2599"]
[BlackElo "2770"]
[PlyCount "53"]
[EventDate "2005.05.??"]

1. d4 Nf6 2. c4 e6 3. Nf3 Bb4+ 4. Bd2 Bxd2+ 5. Qxd2 d5 6. g3 O-O 7. Bg2 Nbd7 8.
O-O c6 9. Ne5 Nxe5 10. dxe5 Nd7 11. f4 Nb6 12. Na3 Qe7 13. Rac1 Rd8 14. Rfd1
Bd7 15. c5 Nc8 16. e4 b6 17. Qd4 Rb8 18. b4 bxc5 19. bxc5 Qf8 20. Qc3 Ne7 21.
Nc2 Rb7 22. Rb1 Rdb8 23. Rb3 Qd8 24. Rdb1 Bc8 25. Nd4 Qc7 26. h4 h5 27. Bf3
1/2-1/2

[Event "FRA Team Ch"]
[Site "REIMS"]
[Date "2005.05.01"]
[Round "8.6"]
[White "Horvath, Jozsef"]
[Black "Kosten, Anthony C"]
[Result "0-1"]
[WhiteElo "2599"]
[BlackElo "2770"]
[PlyCount "97"]
[EventDate "2005.05.??"]

1. Nf3 c5 2. c4 Nc6 3. d4 cxd4 4. Nxd4 e6 5. Nc3 Nf6 6. a3 Nxd4 7. Qxd4 b6 8.
e4 Bc5 9. Qd1 Qc7 10. Bd3 Bb7 11. Qe2 h5 12. h3 h4 13. b4 Qe5 14. Bd2 Bd4 15.
Rc1 a6 16. O-O g5 17. Kh1 g4 18. hxg4 Qg3 19. Be3 Nxg4 20. fxg3 hxg3+ 21. Kg1
Nxe3 22. Rf2 Nf5 23. exf5 gxf2+ 24. Qxf2 Bxf2+ 25. Kxf2 Ke7 26. Ne4 exf5 27.
Ng3 f4 28. Re1+ Kf6 29. Ne4+ Bxe4 30. Rxe4 Rh4 31. Rd4 Ke7 32. Be4 Rg8 33. Bb7
a5 34. c5 bxc5 35. Re4+ Kd6 36. bxa5 Kc7 37. a6 Kb6 38. Re7 Rd8 39. Rxf7 c4 40.
a4 c3 41. Rf5 f3 42. Rb5+ Ka7 43. gxf3 Rc4 44. Rb1 d5 45. Ke3 d4+ 46. Kd3 c2
47. Rc1 Rh8 48. Bc6 Rxc6 49. f4 0-1

[Event "FRA Team Ch"]
[Site "REIMS"]
[Date "2005.05.01"]
[Round "8.7"]
[White "Miralles, Gilles"]
[Black "Spiridonov, Nikola"]
[Result "1-0"]
[WhiteElo "2599"]
[BlackElo "2770"]
[PlyCount "87"]
[EventDate "2005.05.??"]

1. e4 c5 2. Nf3 Nc6 3. c3 Nf6 4. e5 Nd5 5. d4 cxd4 6. Bc4 Nb6 7. Bb3 d5 8. exd6
Qxd6 9. O-O e6 10. cxd4 Be7 11. Nc3 O-O 12. Ne4 Qd8 13. h3 Nd5 14. Qd3 Nf6 15.
Bc2 Nxe4 16. Qxe4 g6 17. Bh6 Re8 18. Rad1 Bd7 19. h4 Qa5 20. Qf4 Rac8 21. Ng5
Nd8 22. Bb3 Qc7 23. Qf3 Bc6 24. d5 exd5 25. Bxd5 Bf8 26. Bxf8 Rxf8 27. Ne4 Qe7
28. h5 Bxd5 29. Nf6+ Kg7 30. h6+ Kxh6 31. Qh3+ Kg7 32. Qxh7+ Kxf6 33. Qh4+ Kg7
34. Qxe7 Bc6 35. Rd6 Re8 36. Qf6+ Kg8 37. Rd3 Ne6 38. Rh3 Ng7 39. Qh4 f5 40.
Rd1 Kf7 41. Rd6 Nh5 42. Qc4+ Kg7 43. Qd4+ Kh7 44. Qf6 1-0

[Event "FRA Team Ch"]
[Site "REIMS"]
[Date "2005.05.01"]
[Round "8.8"]
[White "De Sousa, Jose-Claude"]
[Black "Marciano, David"]
[Result "0-1"]
[WhiteElo "2599"]
[BlackElo "2770"]
[PlyCount "84"]
[EventDate "2005.05.??"]

1. e4 e5 2. Nf3 Nc6 3. Bb5 Nf6 4. O-O Nxe4 5. d4 Nd6 6. Bxc6 dxc6 7. dxe5 Nf5
8. Qxd8+ Kxd8 9. Nc3 Ke8 10. h3 a5 11. Bf4 Be6 12. g4 Ne7 13. Nd4 Nd5 14. Nxe6
fxe6 15. Ne2 Bc5 16. Rad1 Rf8 17. Bc1 a4 18. a3 Rd8 19. Kg2 Rd7 20. Rd3 Rdf7
21. f4 b5 22. Rdf3 g6 23. Ng3 Kd7 24. Ne4 Be7 25. Kg3 c5 26. Bd2 Kc6 27. h4 h6
28. f5 gxf5 29. Bxh6 Rh8 30. Bg5 Rg7 31. gxf5 exf5 32. Nf6 Nxf6 33. exf6 Bxf6
34. Rxf5 Bxb2 35. R1f3 b4 36. axb4 cxb4 37. Ra5 a3 38. Rff5 Bd4 39. Kf3 Rd7 40.
Ra4 Rd5 41. Rxd5 Kxd5 42. Rxb4 Rf8+ 0-1

[Event "FRA Team Ch"]
[Site "REIMS"]
[Date "2005.05.01"]
[Round "8.9"]
[White "Lallemand, Roza"]
[Black "Maze, Sebastien"]
[Result "0-1"]
[WhiteElo "2599"]
[BlackElo "2770"]
[PlyCount "88"]
[EventDate "2005.05.??"]

1. e4 c5 2. Nf3 Nc6 3. d4 cxd4 4. Nxd4 g6 5. Be2 Bg7 6. Nb3 Nf6 7. Nc3 O-O 8.
O-O d6 9. Bg5 Bd7 10. f4 Rc8 11. Bf3 Re8 12. Kh1 Be6 13. Qe1 Qb6 14. f5 Bxb3
15. axb3 a6 16. Bxf6 Bxf6 17. Nd5 Qd4 18. c3 Qe5 19. Nxf6+ Qxf6 20. fxg6 Qxg6
21. Qh4 Ne5 22. Bh5 Qg7 23. Rf5 Kh8 24. Raf1 Rg8 25. Qh3 f6 26. Be2 Qf7 27. Rh5
Rcd8 28. Rf4 Rg7 29. Rfh4 b5 30. Rf4 Rdg8 31. Rfh4 Ng6 32. Rg4 Ne5 33. Rgh4 Ng6
34. Rg4 Nf8 35. Rgh4 Qxb3 36. g4 Qxb2 37. Bd3 Qc1+ 38. Kg2 Qf4 39. Kh1 Qc1+ 40.
Kg2 e5 41. Qf3 Qd2+ 42. Kf1 Rg6 43. Rf5 Ne6 44. Rxf6 Ng5 0-1

[Event "FRA Team Ch"]
[Site "REIMS"]
[Date "2002.??.??"]
[Round "8.1"]
[White "Flear, Glenn C"]
[Black "Palac, Mladen"]
[Result "1/2-1/2"]
[WhiteElo "2530"]
[BlackElo "2574"]
[PlyCount "24"]
[EventDate "2005.05.??"]

1. d4 Nf6 2. c4 g6 3. Nc3 d5 4. Bf4 Bg7 5. e3 c5 6. dxc5 Qa5 7. Rc1 dxc4 8.
Bxc4 O-O 9. Nge2 Qxc5 10. Qb3 Nc6 11. Nb5 Qh5 12. Nc7 Qa5+ 1/2-1/2

[Event "FRA Team Ch"]
[Site "REIMS"]
[Date "2002.??.??"]
[Round "8.2"]
[White "Fontaine, Robert"]
[Black "Shchekachev, Andrei"]
[Result "1-0"]
[WhiteElo "2484"]
[BlackElo "2555"]
[PlyCount "69"]
[EventDate "2005.05.??"]

1. e4 c5 2. Nf3 d6 3. d4 cxd4 4. Nxd4 Nf6 5. Nc3 a6 6. g3 g6 7. Bg2 Bg7 8. O-O
O-O 9. h3 Nc6 10. Nde2 Bd7 11. Be3 Rb8 12. b3 b5 13. Qd2 Bc8 14. Rad1 Bb7 15.
Nd5 Nd7 16. Bh6 Re8 17. Bxg7 Kxg7 18. f4 a5 19. Kh2 Kg8 20. f5 e6 21. Qh6 exd5
22. fxg6 fxg6 23. Rf7 Kxf7 24. Qxh7+ Kf8 25. Qh8+ Kf7 26. Qh7+ Kf8 27. Rf1+ Nf6
28. Qxg6 Re6 29. Nf4 Re7 30. Qxf6+ Ke8 31. Ne6 Qb6 32. exd5 Nd8 33. h4 Nxe6 34.
dxe6 Kd8 35. Qg5 1-0

[Event "FRA Team Ch"]
[Site "REIMS"]
[Date "2002.??.??"]
[Round "8.3"]
[White "Hamdouchi, Hichem"]
[Black "Kazhgaleyev, Murtas"]
[Result "1/2-1/2"]
[WhiteElo "2570"]
[BlackElo "2583"]
[PlyCount "65"]
[EventDate "2005.05.??"]

1. e4 e5 2. Nf3 Nc6 3. Bb5 a6 4. Ba4 Nf6 5. O-O b5 6. Bb3 Bc5 7. c3 d6 8. d4
Bb6 9. h3 O-O 10. Be3 h6 11. Re1 Bb7 12. Nbd2 Re8 13. Bc2 exd4 14. cxd4 Nb4 15.
d5 c6 16. dxc6 Nxc6 17. a3 d5 18. Bxb6 Qxb6 19. exd5 Nxd5 20. Ne4 Ne5 21. Nxe5
Rxe5 22. Qd2 Rae8 23. Ng3 Nf6 24. Rxe5 Rxe5 25. Rc1 Rg5 26. Qf4 Qd8 27. Bb3 Bd5
28. Rd1 Qe7 29. Bxd5 Rxd5 30. Rxd5 Nxd5 31. Qd4 Nf6 32. Nf5 Qe6 33. Ne3 1/2-1/2

[Event "FRA Team Ch"]
[Site "REIMS"]
[Date "2002.??.??"]
[Round "8.4"]
[White "Godena, Michele"]
[Black "Prie, Eric"]
[Result "1/2-1/2"]
[WhiteElo "2481"]
[BlackElo "2498"]
[PlyCount "28"]
[EventDate "2005.05.??"]

1. e4 c5 2. Nf3 g6 3. c3 Nf6 4. e5 Nd5 5. d4 cxd4 6. Qxd4 Nc7 7. Qh4 Nc6 8. Na3
h6 9. Qg3 Bg7 10. Bd3 d6 11. exd6 Qxd6 12. Qxd6 exd6 13. Nb5 Nxb5 14. Bxb5 O-O
1/2-1/2

[Event "FRA Team Ch"]
[Site "REIMS"]
[Date "2002.??.??"]
[Round "8.6"]
[White "Chabanon, Jean-Luc"]
[Black "Boudre, Jean-Pierre"]
[Result "1/2-1/2"]
[WhiteElo "2483"]
[BlackElo "2398"]
[PlyCount "67"]
[EventDate "2005.05.??"]

1. d4 d5 2. c4 c6 3. Nf3 Nf6 4. Nc3 e6 5. e3 Nbd7 6. Qc2 Bd6 7. g4 dxc4 8. Bxc4
e5 9. Bd2 exd4 10. Nxd4 Nb6 11. Be2 O-O 12. Nf5 Bxf5 13. Qxf5 Qc8 14. Qxc8
Raxc8 15. e4 Rfe8 16. f3 Rcd8 17. O-O-O Nfd7 18. h4 Nc5 19. Bg5 f6 20. Be3 Ne6
21. Kc2 Bc5 22. Bxc5 Nxc5 23. Rd2 Rxd2+ 24. Kxd2 Kf7 25. Ke3 Rd8 26. Rc1 Ne6
27. f4 h6 28. f5 Nf8 29. Nd1 Nbd7 30. Nf2 Ne5 31. Nh3 g5 32. fxg6+ Nfxg6 33. g5
hxg5 34. hxg5 1/2-1/2

[Event "FRA Team Ch"]
[Site "REIMS"]
[Date "2002.??.??"]
[Round "8.7"]
[White "Santo-Roman, Marc"]
[Black "Anic, Darko"]
[Result "0-1"]
[WhiteElo "2417"]
[BlackElo "2457"]
[PlyCount "132"]
[EventDate "2005.05.??"]

1. e4 e5 2. Nf3 Nc6 3. d4 exd4 4. Nxd4 Bc5 5. Nxc6 Qf6 6. Qd2 Qxc6 7. Bd3 Ne7
8. O-O O-O 9. b4 Bd4 10. c3 Bb6 11. Bb2 a5 12. b5 Qg6 13. e5 Qh5 14. c4 d6 15.
exd6 cxd6 16. Nc3 Be6 17. Be2 Qf5 18. Qxd6 Bc5 19. Qg3 Qc2 20. Rab1 Nf5 21. Qd3
Qxd3 22. Bxd3 Rfd8 23. Rfd1 Bd4 24. Be4 Rab8 25. Bd5 Bf6 26. Kf1 Nd6 27. Bxe6
fxe6 28. Na4 Nxc4 29. Bxf6 gxf6 30. Ke2 Kf7 31. Rbc1 Rxd1 32. Rxd1 Ke7 33. Rd4
Nd6 34. b6 Rc8 35. Kd3 Nf7 36. Kd2 f5 37. f4 Rc6 38. Kd3 Nd6 39. g3 h5 40. Nc3
Rxb6 41. Kc2 Rc6 42. Kb3 b5 43. a3 Rc5 44. Rd3 Ne8 45. Ne2 Nc7 46. Nc3 Nd5 47.
Ne2 Kf6 48. Rd4 a4+ 49. Kb2 Ne3 50. Nc3 Nc4+ 51. Ka2 Nxa3 52. Nxa4 bxa4 53.
Kxa3 Rc2 54. Kxa4 Rxh2 55. Rd8 Rh3 56. Rg8 h4 57. g4 fxg4 58. Rxg4 Kf5 59. Rg8
Kxf4 60. Kb4 Rd3 61. Kc4 Rd5 62. Rh8 Kg4 63. Rh6 h3 64. Rxe6 Rh5 65. Rg6+ Rg5
66. Rh6 Kg3 0-1

[Event "FRA Team Ch"]
[Site "REIMS"]
[Date "2002.??.??"]
[Round "8.8"]
[White "Goldgewicht, Lionel"]
[Black "Letreguilly, Olivier"]
[Result "1-0"]
[WhiteElo "2334"]
[BlackElo "2310"]
[PlyCount "79"]
[EventDate "2005.05.??"]

1. e4 c5 2. c3 d5 3. exd5 Nf6 4. d4 cxd4 5. cxd4 Nxd5 6. Nf3 g6 7. Be2 Bg7 8.
O-O O-O 9. Nc3 Nc6 10. Bg5 Be6 11. Qd2 Rc8 12. Bh6 Qb6 13. Rfd1 Nxc3 14. bxc3
Na5 15. Bxg7 Kxg7 16. Rab1 Qc7 17. d5 Bf5 18. Qd4+ Kg8 19. Rbc1 Qc5 20. Qh4 Kg7
21. g4 Bd7 22. Ng5 h6 23. Ne4 Qa3 24. d6 Rce8 25. g5 Rh8 26. Qf4 hxg5 27. Nxg5
f6 28. Ne4 Ba4 29. Rd4 Rh4 30. Qxh4 Qxc1+ 31. Kg2 Bc6 32. dxe7 g5 33. Qg3 Rxe7
34. Bf3 Bxe4 35. Rxe4 Qa3 36. h4 Rxe4 37. Bxe4 Qc5 38. Qg4 Kf8 39. h5 Nc4 40.
Qe6 1-0

[Event "FRA Team Ch"]
[Site "REIMS"]
[Date "2002.??.??"]
[Round "8.9"]
[White "Milliet, Sophie"]
[Black "Leconte, Maria"]
[Result "0-1"]
[WhiteElo "2163"]
[BlackElo "2308"]
[PlyCount "84"]
[EventDate "2005.05.??"]

1. e4 c5 2. Nc3 Nc6 3. f4 g6 4. Nf3 Bg7 5. Bb5 Nd4 6. a4 a6 7. Bc4 e6 8. d3 Ne7
9. e5 Nef5 10. Ne4 d5 11. exd6 Nxd6 12. Nxd6+ Qxd6 13. Ng5 Qc6 14. O-O b5 15.
Ba2 Bb7 16. Rf2 O-O 17. c3 Nf5 18. Bd2 Rad8 19. Qe2 h6 20. Nf3 Qd6 21. Ne5 Kh7
22. Bb1 f6 23. Nf3 b4 24. Bc2 Bd5 25. Re1 h5 26. d4 b3 27. dxc5 Qxc5 28. Bxf5
exf5 29. Nd4 Qa7 30. Qe7 Rd7 31. Qa3 Rb8 32. a5 Qb7 33. Rfe2 Be4 34. Be3 Qd5
35. Rd2 Qc4 36. Ra1 Bf8 37. Qa4 Qf7 38. Nc6 Rxd2 39. Bxd2 Qd5 40. Nxb8 Bc5+ 41.
Kf1 Bd3+ 42. Ke1 Qe6+ 0-1

[Event "FRA Team Ch"]
[Site "REIMS"]
[Date "2002.??.??"]
[Round "8.1"]
[White "Rausis, Igors"]
[Black "Tregubov, Pavel V"]
[Result "1/2-1/2"]
[WhiteElo "2478"]
[BlackElo "2627"]
[PlyCount "82"]
[EventDate "2005.05.??"]

1. d4 d5 2. c4 e6 3. Nc3 Be7 4. Nf3 Nf6 5. Bg5 O-O 6. e3 Nbd7 7. Qc2 c5 8. cxd5
cxd4 9. Nxd4 Nxd5 10. Bxe7 Nxe7 11. Bd3 Nf6 12. O-O Bd7 13. Rfd1 Qb6 14. Qb3
Qxb3 15. Nxb3 Rfd8 16. Rac1 Kf8 17. Kf1 Be8 18. Be2 Rxd1+ 19. Rxd1 Rc8 20. Ke1
Bc6 21. g3 Ned5 22. Nxd5 Bxd5 23. Rc1 Rxc1+ 24. Nxc1 Ke7 25. f3 e5 26. Kd2 Kd6
27. e4 Be6 28. Kc3 Nd7 29. Bc4 Nc5 30. b4 Bxc4 31. Kxc4 Ne6 32. Nb3 h5 33. Nc5
Nxc5 34. bxc5+ Ke6 35. g4 h4 36. g5 h3 37. a3 f6 38. gxf6 gxf6 39. Kb5 Kd7 40.
a4 Kc7 41. a5 a6+ 1/2-1/2

[Event "FRA Team Ch"]
[Site "REIMS"]
[Date "2002.??.??"]
[Round "8.2"]
[White "Conquest, Stuart"]
[Black "Beikert, Guenther"]
[Result "0-1"]
[WhiteElo "2582"]
[BlackElo "2438"]
[PlyCount "60"]
[EventDate "2005.05.??"]

1. e4 e5 2. Bc4 Nf6 3. d3 Bc5 4. Nc3 Nc6 5. f4 d6 6. Nf3 a6 7. f5 b5 8. Bb3 Na5
9. Bg5 Nxb3 10. axb3 Bb7 11. Qd2 h6 12. Bh4 Qd7 13. h3 O-O-O 14. Bf2 Qc6 15.
O-O Rhe8 16. Kh1 b4 17. Na4 Bxf2 18. Qxf2 d5 19. exd5 Rxd5 20. Qg3 e4 21. dxe4
Nxe4 22. Qxg7 Nd2 23. Rf2 Nxf3 24. Rxf3 Rd2 25. Rg3 Rxc2 26. Rg1 Qd5 27. Qg4
Qe5 28. f6+ Kb8 29. Rf1 h5 30. Qg5 Rxg2 0-1

[Event "FRA Team Ch"]
[Site "REIMS"]
[Date "2002.??.??"]
[Round "8.3"]
[White "Vallin, Guillaume"]
[Black "Hebden, Mark"]
[Result "1-0"]
[WhiteElo "2390"]
[BlackElo "2537"]
[PlyCount "63"]
[EventDate "2005.05.??"]

1. d4 Nf6 2. c4 g6 3. Nc3 Bg7 4. e4 d6 5. f4 O-O 6. Nf3 Na6 7. Bd3 e5 8. fxe5
dxe5 9. d5 Nh5 10. O-O Qe7 11. Be3 f5 12. a3 Nf6 13. b4 c5 14. dxc6 bxc6 15. c5
Nc7 16. Kh1 Kh8 17. Qc2 f4 18. Bf2 Ng4 19. h3 Nxf2+ 20. Qxf2 Be6 21. a4 Rad8
22. Rfd1 g5 23. b5 g4 24. hxg4 Bxg4 25. bxc6 Bxf3 26. gxf3 Bf6 27. Nd5 Qf7 28.
Qh2 Rg8 29. Rg1 Rg3 30. Bc4 Rxf3 31. Nxf4 Rf2 32. Qxf2 1-0

[Event "FRA Team Ch"]
[Site "REIMS"]
[Date "2002.??.??"]
[Round "8.4"]
[White "Apicella, Manuel"]
[Black "Eliet, Nicolas"]
[Result "1/2-1/2"]
[WhiteElo "2513"]
[BlackElo "2400"]
[PlyCount "38"]
[EventDate "2005.05.??"]

1. e4 c6 2. d4 d5 3. e5 Bf5 4. Nc3 e6 5. g4 Bg6 6. Nge2 f6 7. Nf4 Bf7 8. exf6
gxf6 9. Qe2 Qe7 10. Nd3 Nd7 11. f4 Bg7 12. Be3 e5 13. Bg2 e4 14. Nf2 Nb6 15. b3
f5 16. Qd2 fxg4 17. Nxg4 Qh4+ 18. Nf2 Ne7 19. Bh3 Bg6 1/2-1/2

[Event "FRA Team Ch"]
[Site "REIMS"]
[Date "2002.??.??"]
[Round "8.5"]
[White "Theon, Pierre"]
[Black "Degraeve, Jean-Marc"]
[Result "0-1"]
[WhiteElo "2214"]
[BlackElo "2595"]
[PlyCount "42"]
[EventDate "2005.05.??"]

1. e4 c5 2. Nc3 a6 3. f4 b5 4. Nf3 Bb7 5. Qe2 e6 6. b3 Nc6 7. Bb2 Qc7 8. Qe3
Nf6 9. e5 Nb4 10. O-O-O Nfd5 11. Nxd5 Nxd5 12. Qf2 c4 13. Kb1 Rc8 14. bxc4 bxc4
15. Qd4 Nb6 16. Ka1 Bc5 17. Qc3 Na4 18. Qxc4 Nxb2 19. Kxb2 Bd5 20. Qc3 Bd4 21.
Nxd4 Qb6+ 0-1

[Event "FRA Team Ch"]
[Site "REIMS"]
[Date "2002.??.??"]
[Round "8.6"]
[White "Relange, Eloi"]
[Black "Gouret, Thierry"]
[Result "1-0"]
[WhiteElo "2491"]
[BlackElo "2257"]
[PlyCount "101"]
[EventDate "2005.05.??"]

1. d4 d5 2. c4 e6 3. Nf3 c5 4. cxd5 exd5 5. g3 Nc6 6. Bg2 Nf6 7. O-O Be7 8. Nc3
O-O 9. Bg5 c4 10. Ne5 Be6 11. b3 Qa5 12. Na4 Rac8 13. bxc4 dxc4 14. Nxc6 bxc6
15. Bd2 Bb4 16. Bxb4 Qxb4 17. Nc5 Rfd8 18. e3 Bf5 19. Rc1 Nd7 20. Be4 Bxe4 21.
Nxe4 Nb6 22. Qc2 h6 23. Rb1 Qa5 24. Rfc1 Qf5 25. Nc5 Qh3 26. a4 Re8 27. a5 Nd5
28. Qxc4 Rc7 29. Qf1 Qc8 30. Nd3 f6 31. Rc5 Kh8 32. Rbc1 Qb7 33. Qd1 Ne7 34.
Nf4 Rd7 35. Qg4 Rd6 36. Ng6+ Nxg6 37. Qxg6 Re7 38. Qc2 Ree6 39. Rb1 Qa8 40. a6
Re7 41. Qb3 Rd8 42. Rbc1 Rd6 43. R1c4 Qc8 44. Rb4 Qxa6 45. Rb8+ Kh7 46. h4 Rd5
47. Qc2+ g6 48. h5 Rg7 49. hxg6+ Rxg6 50. Rxc6 Qa1+ 51. Rb1 1-0

[Event "FRA Team Ch"]
[Site "REIMS"]
[Date "2002.??.??"]
[Round "8.7"]
[White "Vaugeois, Cyrille"]
[Black "Verat, Laurent"]
[Result "0-1"]
[WhiteElo "2134"]
[BlackElo "2338"]
[PlyCount "108"]
[EventDate "2005.05.??"]

1. e4 e5 2. Nf3 Nc6 3. Nc3 Nf6 4. d4 exd4 5. Nxd4 Bb4 6. Nxc6 bxc6 7. Bd3 d5 8.
exd5 cxd5 9. O-O O-O 10. Bg5 c6 11. Qf3 h6 12. Bxf6 Qxf6 13. Qxf6 gxf6 14. Ne2
Re8 15. Ng3 Re5 16. f4 Re3 17. f5 Bc5 18. Kh1 Bd6 19. Rf3 Rxf3 20. gxf3 Be5 21.
Re1 Kf8 22. b3 Bb7 23. Kg2 a5 24. a4 Rc8 25. Nf1 Bf4 26. Kh3 c5 27. Kg4 Be5 28.
f4 Bd4 29. Ng3 c4 30. bxc4 dxc4 31. Be4 Re8 32. Re2 Bc8 33. Bd5 Bd7 34. Rxe8+
Bxe8 35. Ne2 Bb2 36. Bxc4 Bxa4 37. Bb3 Bc6 38. c4 a4 39. Bc2 a3 40. Bb3 h5+ 41.
Kg3 Be4 42. Ba2 Bxf5 43. Kf2 Ke7 44. Ke3 Kd6 45. Nd4 Bc1+ 46. Kf3 Bg4+ 47. Ke4
Bb2 48. Kd3 Kc5 49. Nb3+ Kb4 50. c5 Bd7 51. h4 Bb5+ 52. Kd2 Bc6 53. Kd3 Bd5 54.
Kc2 f5 0-1

[Event "FRA Team Ch"]
[Site "REIMS"]
[Date "2002.??.??"]
[Round "8.8"]
[White "Vachier-Lagrave, Maxime"]
[Black "Gervais, Claire"]
[Result "1-0"]
[WhiteElo "2302"]
[BlackElo "2169"]
[PlyCount "23"]
[EventDate "2005.05.??"]

1. e4 e6 2. d4 d5 3. Nd2 dxe4 4. Nxe4 Bd7 5. Nf3 Bc6 6. Bd3 Nf6 7. Nxf6+ gxf6
8. O-O Bxf3 9. Qxf3 c6 10. c3 Nd7 11. Re1 Be7 12. Rxe6 1-0

[Event "FRA Team Ch"]
[Site "REIMS"]
[Date "2002.??.??"]
[Round "8.9"]
[White "Leblon, Georges"]
[Black "Costagliola, Marina"]
[Result "0-1"]
[WhiteElo "2008"]
[BlackElo "2254"]
[PlyCount "44"]
[EventDate "2005.05.??"]

1. e4 e5 2. Nc3 Nc6 3. Nf3 Nf6 4. d4 exd4 5. Nxd4 Bb4 6. Nxc6 bxc6 7. Bd3 d5 8.
exd5 cxd5 9. O-O O-O 10. Na4 c6 11. c3 Be7 12. Be3 Qc7 13. Bc5 Ng4 14. g3 Bxc5
15. Nxc5 Qd6 16. Be2 Nxf2 17. Rxf2 Qxc5 18. Kg2 Rb8 19. Bd3 Bh3+ 20. Kg1 Rxb2
21. Bc2 Qxc3 22. Rc1 Qe3 0-1

[Event "FRA Team Ch"]
[Site "REIMS"]
[Date "2002.??.??"]
[Round "8.1"]
[White "Delchev, Aleksander"]
[Black "Sokolov, Andrei"]
[Result "1/2-1/2"]
[WhiteElo "2550"]
[BlackElo "2604"]
[PlyCount "105"]
[EventDate "2005.05.??"]

1. e4 c5 2. Nf3 e6 3. d4 cxd4 4. Nxd4 Nf6 5. Nc3 d6 6. Be2 Nc6 7. O-O Be7 8.
Kh1 Bd7 9. Ndb5 Qb8 10. Bf4 Ne5 11. Bg5 Bxb5 12. Bxb5+ Nc6 13. f4 a6 14. Ba4 b5
15. Bb3 Na5 16. f5 Nxb3 17. axb3 O-O 18. e5 dxe5 19. Bxf6 Bxf6 20. Ne4 Qd8 21.
fxe6 Qxd1 22. exf7+ Kxf7 23. Rfxd1 Rfd8 24. g3 Rxd1+ 25. Rxd1 Ke6 26. Kg2 Be7
27. Kf3 a5 28. Ke2 a4 29. Ra1 Rc8 30. bxa4 Rxc2+ 31. Kd3 Rxb2 32. a5 Rb4 33. a6
Rd4+ 34. Ke3 Rd8 35. a7 Ra8 36. Kd3 Kd7 37. Nc3 Kc6 38. Ra6+ Kb7 39. Re6 Rd8+
40. Ke4 Bc5 41. Nxb5 Rd2 42. Ra6 Kxa6 43. a8=Q+ Kxb5 44. Qb7+ Kc4 45. Qf7+ Kb5
46. Qb7+ Kc4 47. Qa6+ Kb4 48. h4 Rd7 49. Qc8 Ra7 50. Qb8+ Ka5 51. Kxe5 h6 52.
Kd5 Bg1 53. Qe5 1/2-1/2

[Event "FRA Team Ch"]
[Site "REIMS"]
[Date "2002.??.??"]
[Round "8.3"]
[White "Vaisser, Anatoly"]
[Black "Koch, Jean-Rene"]
[Result "1-0"]
[WhiteElo "2572"]
[BlackElo "2498"]
[PlyCount "47"]
[EventDate "2005.05.??"]

1. b3 c5 2. Bb2 Nc6 3. Nf3 d5 4. e3 e6 5. Bb5 Bd7 6. O-O Nf6 7. c4 Be7 8. cxd5
exd5 9. d4 cxd4 10. Nxd4 Nxd4 11. Bxd7+ Qxd7 12. Qxd4 O-O 13. Nc3 b6 14. Rfd1
Rfd8 15. Rd3 Rac8 16. Rad1 Qb7 17. Qe5 Bd6 18. Qf5 Qb8 19. Nxd5 Nxd5 20. Rxd5
Bxh2+ 21. Kh1 Rxd5 22. Rxd5 Re8 23. Rd7 Be5 24. Bxe5 1-0

[Event "FRA Team Ch"]
[Site "REIMS"]
[Date "2002.??.??"]
[Round "8.4"]
[White "Claverie, Christophe"]
[Black "Sharif, Mehrshad"]
[Result "0-1"]
[WhiteElo "2398"]
[BlackElo "2476"]
[PlyCount "72"]
[EventDate "2005.05.??"]

1. d4 e6 2. c4 b6 3. Nf3 Bb7 4. a3 f5 5. Nc3 Nf6 6. d5 Be7 7. g3 Ne4 8. Nxe4
fxe4 9. Nd4 exd5 10. cxd5 O-O 11. Qb3 Bc5 12. Be3 Qf6 13. O-O-O Qe5 14. Nc6
Bxe3+ 15. fxe3 Qd6 16. Nxb8 Raxb8 17. Bg2 Rbe8 18. Qc4 Rf2 19. Bxe4 Qc5 20.
Qxc5 bxc5 21. Bf3 Rxe3 22. Rd2 d6 23. h4 Kf7 24. Kd1 Kf6 25. Rc2 Ke5 26. Rd2
Ba6 27. h5 Bc4 28. Rg1 Bb3+ 29. Kc1 a5 30. Rh1 c4 31. h6 g6 32. Bg4 Rxg3 33.
Bf3 Rh3 34. Rg1 Rxh6 35. Rg5+ Kf6 36. Rg1 Rh4 0-1

[Event "FRA Team Ch"]
[Site "REIMS"]
[Date "2002.??.??"]
[Round "8.6"]
[White "Herb, Pascal"]
[Black "Nikolaidis, Ioannis"]
[Result "1-0"]
[WhiteElo "2307"]
[BlackElo "2516"]
[PlyCount "35"]
[EventDate "2005.05.??"]

1. e4 c5 2. Nf3 e6 3. d4 cxd4 4. Nxd4 a6 5. Nc3 b5 6. g3 Bb7 7. Bg2 Nf6 8. O-O
d6 9. Re1 Nbd7 10. e5 Bxg2 11. exf6 Bb7 12. Nxe6 fxe6 13. Rxe6+ Kf7 14. fxg7
Kxg7 15. Qg4+ Kf7 16. Qf5+ Kg8 17. Nd5 Ne5 18. Rxe5 1-0

[Event "FRA Team Ch"]
[Site "REIMS"]
[Date "2002.??.??"]
[Round "8.7"]
[White "Brochet, Philippe"]
[Black "Toulzac, Pierre-Yves"]
[Result "1/2-1/2"]
[WhiteElo "2421"]
[BlackElo "2272"]
[PlyCount "80"]
[EventDate "2005.05.??"]

1. e4 d6 2. d4 Nf6 3. Nc3 c6 4. f4 Qa5 5. e5 Ne4 6. Qf3 Nxc3 7. Bd2 Bf5 8. Bd3
e6 9. Bxf5 exf5 10. Bxc3 Qd5 11. Qxd5 cxd5 12. Bb4 Nc6 13. Bxd6 Bxd6 14. exd6
O-O-O 15. c3 Rxd6 16. Kd2 Re8 17. Nh3 f6 18. Rhe1 Rdd8 19. Nf2 b6 20. g3 Na5
21. b3 Kd7 22. Rxe8 Rxe8 23. Nd1 Re4 24. Ne3 Ke6 25. Kd3 Nc6 26. Nc2 g5 27. Rf1
b5 28. a4 a6 29. Nb4 Nxb4+ 30. cxb4 gxf4 31. gxf4 h5 32. Rc1 Kd6 33. Rc8 Rxf4
34. Ra8 Rf3+ 35. Kc2 Rf2+ 36. Kd3 Rf3+ 37. Kc2 Rf2+ 38. Kc3 Rf3+ 39. Kb2 Rf2+
40. Kc3 Rf3+ 1/2-1/2

[Event "FRA Team Ch"]
[Site "REIMS"]
[Date "2002.??.??"]
[Round "8.8"]
[White "Bonnet, Edouard"]
[Black "Bujisho, Benjamin"]
[Result "0-1"]
[WhiteElo "2194"]
[BlackElo "2386"]
[PlyCount "82"]
[EventDate "2005.05.??"]

1. e4 d5 2. exd5 Nf6 3. Nf3 Nxd5 4. d4 Bf5 5. Be2 e6 6. O-O Be7 7. a3 O-O 8. c4
Nb6 9. h3 Nc6 10. Nc3 Bf6 11. Be3 Qd7 12. b4 Rad8 13. Ra2 h6 14. Rd2 Qc8 15.
Qb3 Bh7 16. Rfd1 Ne7 17. Bf4 c6 18. a4 Nd7 19. a5 Rfe8 20. b5 c5 21. b6 axb6
22. Nb5 cxd4 23. Nd6 Nc5 24. Qxb6 Rxd6 25. Bxd6 Ne4 26. Bxe7 Bxe7 27. Rb2 Nc3
28. Ra1 Bc5 29. Qb3 e5 30. Bf1 e4 31. Qxb7 exf3 32. Qxc8 Rxc8 33. a6 Ba7 34.
Rb7 Ra8 35. gxf3 d3 36. Rd7 Bf5 37. Rxd3 Bxd3 38. Bxd3 Rd8 39. Bf5 Rd1+ 40.
Rxd1 Nxd1 41. Kf1 Nb2 0-1